| 000 | 01720nam0a2200361 4500 | ||
|---|---|---|---|
| 001 | RU\NLR\bibl\476258 | ||
| 005 | 20260426062912.0 | ||
| 010 |
_a5-89415-213-5 _95000 |
||
| 021 |
_aRU _b2003-58208 _92846 |
||
| 035 | _a(NLR Aleph) 000469264 | ||
| 090 |
_a983196 _c983196 |
||
| 100 | _a20031225d2003 |||y0rusy50 ca | ||
| 101 | 0 | _arus | |
| 102 | _aRU | ||
| 105 | _ay ||||||||| | ||
| 200 | 1 |
_aСистема комплексных мероприятий по оздоровлению детей в дошкольных образовательных учреждениях _eПособие для медработников и воспитателей _fКузнецова М. Н. |
|
| 205 | _a[2-е изд., испр. и доп.] | ||
| 210 |
_aМ. _cАРКТИ _d2003 |
||
| 215 |
_a61, [2] с. _d21 |
||
| 225 | 1 | _aРазвитие и воспитание дошкольника | |
| 320 | _aБиблиогр. в конце кн. (14 наз) | ||
| 606 | 0 |
_aДошкольные учреждения _jРуководства, пособия и т.п. _xОздоровительные мероприятия _91005979 _3RU\NLR\auth\66382269 |
|
| 606 |
_aДошкольники _xФизическое воспитание _jМетодические пособия _3RU\NLR\auth\66462627 _91157227 |
||
| 686 | _aР128.93-2я7 | ||
| 686 | _aЧ411.354 | ||
| 700 | 1 |
_4070 _8rus _7ca _aКузнецова _bМ. Н. _cд-р мед. наук, педиатрия _gМаргарита Николаевна _3RU\NLR\auth\7778904 _961832 |
|
| 801 | 0 |
_aRU _bNLR _c20031225 _gPSBO |
|
| 801 | 1 |
_aRU _bNLR _c20031225 |
|
| 830 | _aАвт. по кн. | ||
| 942 | _cBOOK | ||
| 980 | _aNB | ||